[Event "Titled Tuesday intern op 12th Dec Early"]
[Site "Chess.com INT"]
[Date "2023.12.12"]
[Round "2"]
[White "Jia, Haoxiang"]
[Black "Bok, Benjamin"]
[Result "0-1"]
[WhiteElo "2331"]
[BlackElo "2614"]
[PlyCount "54"]
[EventDate "2023.12.12"]
[EventType "swiss (blitz)"]
[EventRounds "11"]
[EventCountry "USA"]
[SourceTitle "CB51_2023"]
[SourceDate "2023.12.20"]
[SourceVersion "1"]
[SourceVersionDate "2023.12.20"]
[SourceQuality "1"]

1. d4 Nf6 2. Bf4 d5 3. e3 c5 4. c3 Nc6 5. Nd2 Bf5 6. dxc5 e5 7. Bg5 Bxc5 8. Ngf3 0-0 9. Be2 Qe7 10. 0-0 Rad8 11. Qa4 h6 12. Bxf6 Qxf6 13. e4 dxe4 14. Nxe4 Bxe4 15. Qxe4 Qe7 16. Rfd1 f5 17. Qc4+ Kh7 18. b4 Bb6 19. a4 e4 20. Ne1 Ne5 21. Qb5 Ng4 22. Rxd8 Qxd8 23. Bxg4 fxg4 24. Qe2 Rxf2 25. Qxe4+ Kh8 26. a5 Rf4+ 27. axb6 Qxb6+ 0-1

[Event "Titled Tuesday intern op 19th Sep Early"]
[Site "Chess.com INT"]
[Date "2023.09.19"]
[Round "7"]
[White "Jia, Haoxiang"]
[Black "Bryakin, Mikhail"]
[Result "0-1"]
[WhiteElo "2331"]
[BlackElo "2481"]
[PlyCount "76"]
[EventDate "2023.09.19"]
[EventType "swiss (blitz)"]
[EventRounds "11"]
[EventCountry "USA"]
[SourceTitle "EXT 2024"]
[Source "ChessBase"]
[SourceDate "2023.10.10"]
[SourceVersion "1"]
[SourceVersionDate "2023.10.10"]
[SourceQuality "1"]

1. d4 c5 2. d5 e5 3. Nc3 d6 4. e4 Be7 5. Nge2 Bg5 6. Ng3 Bxc1 7. Qxc1 Nh6 8. Bb5+ Nd7 9. 0-0 0-0 10. a4 Qh4 11. Be2 a6 12. f4 exf4 13. Rxf4 Qe7 14. Qd2 Ne5 15. Raf1 Bd7 16. b3 b6 17. Nd1 b5 18. axb5 axb5 19. Ne3 Kh8 20. Nef5 Nxf5 21. Nxf5 Bxf5 22. exf5 f6 23. Bxb5 Ra2 24. Qc3 Qa7 25. Rh4 h6 26. Kh1 Kh7 27. Ra4 Rxa4 28. bxa4 Qb6 29. h3 Ra8 30. Rb1 Qb7 31. Qd2 Qc8 32. Qf4 Qb7 33. c4 Qa7 34. Bc6 Rb8 35. Rxb8 Qxb8 36. a5 Qb1+ 37. Kh2 Qa2 38. Qf3 Nxf3+ 0-1

[Event "Titled Tuesday intern op 19th Sep Early"]
[Site "Chess.com INT"]
[Date "2023.09.19"]
[Round "2"]
[White "Jia, Haoxiang"]
[Black "Toczek, Grzegorz"]
[Result "1-0"]
[WhiteElo "2331"]
[BlackElo "2267"]
[PlyCount "121"]
[EventDate "2023.09.19"]
[EventType "swiss (blitz)"]
[EventRounds "11"]
[EventCountry "USA"]
[SourceTitle "EXT 2024"]
[Source "ChessBase"]
[SourceDate "2023.10.10"]
[SourceVersion "1"]
[SourceVersionDate "2023.10.10"]
[SourceQuality "1"]

1. d4 d5 2. Bf4 e6 3. Nf3 Bd6 4. Bg3 Nf6 5. e3 Ne4 6. Bd3 f5 7. Nbd2 0-0 8. Ne5 Nd7 9. f4 Bxe5 10. fxe5 c5 11. c3 Qg5 12. Bxe4 Qxe3+ 13. Qe2 Qxe2+ 14. Kxe2 dxe4 15. Nc4 b6 16. Nd6 Ba6+ 17. Ke3 g5 18. Bf2 f4+ 19. Kxe4 Rad8 20. a4 Nf6+ 21. exf6 Rxd6 22. a5 Bb7+ 23. Kd3 Rxf6 24. axb6 axb6 25. Ra7 Bxg2 26. Rg1 f3 27. Ke3 cxd4+ 28. cxd4 Rc6 29. Kd3 Rf5 30. Re1 Rb5 31. Re5 Rxe5 32. dxe5 Bf1+ 33. Ke3 g4 34. Kf4 Rc2 35. Bxb6 Rxb2 36. Be3 Rxh2 37. Kg5 Rc2 38. Kf6 Rc8 39. Rg7+ Kh8 40. Rxg4 Bd3 41. Ke7 Bf5 42. Rg3 Rc7+ 43. Kf6 Bg6 44. Kxe6 Rf7 45. Bf2 Rf8 46. Kd7 Kg7 47. e6 Kf6 48. Rxf3+ Kg7 49. Bd4+ Kg8 50. Rg3 Ra8 51. e7 Kf7 52. Rf3+ Kg8 53. Bc5 Be8+ 54. Kc7 Kg7 55. Rf8 h5 56. Kb7 Ra5 57. Rxe8 Rxc5 58. Rg8+ Kxg8 59. e8Q+ Kh7 60. Qe7+ Kg6 61. Qxc5 1-0

[Event "Titled Tuesday intern op 22nd Aug Early"]
[Site "Chess.com INT"]
[Date "2023.08.22"]
[Round "2"]
[White "Esipenko, Andrey"]
[Black "Jia, Haoxiang"]
[Result "1-0"]
[WhiteElo "2683"]
[BlackElo "2331"]
[PlyCount "89"]
[EventDate "2023.08.22"]
[EventType "swiss (blitz)"]
[EventRounds "11"]
[EventCountry "USA"]
[SourceTitle "EXT 2024"]
[Source "ChessBase"]
[SourceDate "2023.10.10"]
[SourceVersion "1"]
[SourceVersionDate "2023.10.10"]
[SourceQuality "1"]

1. Nf3 Nf6 2. b3 g6 3. Bb2 Bg7 4. c4 0-0 5. g3 c5 6. Bg2 Nc6 7. 0-0 b6 8. d4 cxd4 9. Nxd4 Bb7 10. Nc3 Qc8 11. Nc2 d6 12. Qd2 Ne5 13. e4 a6 14. Nd4 Rd8 15. Nd5 Bxd5 16. cxd5 Qb7 17. f4 Ned7 18. Nc6 Re8 19. e5 Ng4 20. e6 Nf8 21. f5 Bxb2 22. Qxb2 f6 23. fxg6 Nxg6 24. Qd2 Kh8 25. Rf5 Rg8 26. Be4 Rg7 27. Rh5 Rag8 28. Nd4 Nf8 29. Nf5 Rg5 30. Rxg5 Rxg5 31. Rc1 b5 32. Qd4 Ne5 33. Kg2 Rg4 34. h3 Rg5 35. Kf2 b4 36. g4 h5 37. Kg3 hxg4 38. h4 Rg8 39. Qe3 Rg6 40. Qf4 Qa7 41. Kg2 Qb7 42. Rc2 g3 43. h5 Rg4 44. Qh6+ Kg8 45. Rc8 1-0

[Event "Titled Tuesday intern op 22nd Aug Early"]
[Site "Chess.com INT"]
[Date "2023.08.22"]
[Round "3"]
[White "Jia, Haoxiang"]
[Black "Khromkin, Andrey"]
[Result "1/2-1/2"]
[WhiteElo "2331"]
[BlackElo "2191"]
[PlyCount "140"]
[EventDate "2023.08.22"]
[EventType "swiss (blitz)"]
[EventRounds "11"]
[EventCountry "USA"]
[SourceTitle "EXT 2024"]
[Source "ChessBase"]
[SourceDate "2023.10.10"]
[SourceVersion "1"]
[SourceVersionDate "2023.10.10"]
[SourceQuality "1"]

1. d4 d5 2. Bf4 c5 3. c3 Nc6 4. e3 Qb6 5. Qb3 c4 6. Qxb6 axb6 7. Na3 e5 8. Nb5 Ra5 9. Nc7+ Kd7 10. Nxd5 Rxd5 11. Bxc4 Ra5 12. Bg3 Ke8 13. Nf3 exd4 14. exd4 Be6 15. Bxe6 fxe6 16. Bc7 Nf6 17. Bxb6 Rb5 18. Bc7 Rxb2 19. 0-0 Kd7 20. Bg3 Bd6 21. Rfb1 Rxb1+ 22. Rxb1 Bxg3 23. hxg3 Rb8 24. Kf1 b5 25. Ke2 Ne4 26. Rc1 b4 27. cxb4 Rxb4 28. Ke3 Nf6 29. Rc2 Ra4 30. Rb2 Ra3+ 31. Kf4 Nd5+ 32. Kg4 Kc7 33. Ng5 Nxd4 34. Nxh7 Nf6+ 35. Nxf6 gxf6 36. f3 Kd6 37. Rd2 e5 38. Kh5 Kd5 39. g4 Ke6 40. g5 Ra7 41. gxf6 Kxf6 42. Kg4 Rg7+ 43. Kh3 Kf5 44. a4 Kf4 45. Kh2 Ke3 46. Ra2 Ne2 47. Kh3 Nf4+ 48. Kh2 Ne2 49. Kh3 Kf2 50. a5 Rg3+ 51. Kh4 Rxg2 52. a6 Rg8 53. a7 Ra8 54. Ra5 Kxf3 55. Rxe5 Rxa7 56. Kg5 Nf4 57. Rb5 Rg7+ 58. Kf6 Rg8 59. Rb4 Kg4 60. Ra4 Rg6+ 61. Kf7 Rb6 62. Ra5 Nd3 63. Ra4+ Kf5 64. Ra5+ Ne5+ 65. Ke7 Rb7+ 66. Kd6 Rd7+ 67. Kc5 Rc7+ 68. Kd6 Rd7+ 69. Kc5 Rc7+ 70. Kd6 Rd7+ 1/2-1/2

[Event "Titled Tuesday intern op 15th Aug Early"]
[Site "Chess.com INT"]
[Date "2023.08.15"]
[Round "1"]
[White "Huynh, Lam Binh Nguyen"]
[Black "Jia, Haoxiang"]
[Result "0-1"]
[WhiteElo "2027"]
[BlackElo "2331"]
[PlyCount "92"]
[EventDate "2023.08.15"]
[EventType "swiss (blitz)"]
[EventRounds "11"]
[EventCountry "USA"]
[SourceTitle "EXT 2024"]
[Source "ChessBase"]
[SourceDate "2023.10.10"]
[SourceVersion "1"]
[SourceVersionDate "2023.10.10"]
[SourceQuality "1"]

1. d4 Nf6 2. Bf4 g6 3. Nc3 Bg7 4. e4 d6 5. Qd2 c6 6. Bh6 Bxh6 7. Qxh6 b5 8. Bd3 Nbd7 9. Nf3 Qa5 10. 0-0 Bb7 11. e5 dxe5 12. dxe5 Ng4 13. Qg7 Rf8 14. h3 b4 15. hxg4 bxc3 16. b4 Qd5 17. e6 Qxe6 18. Qxc3 Qxg4 19. Rad1 f6 20. Rfe1 e5 21. Nh2 Qe6 22. Bc4 Qe7 23. Qe3 Nb6 24. Be2 Nd5 25. Qh3 Rd8 26. a3 Nf4 27. Qf3 Kf7 28. Bc4+ Nd5 29. Ng4 Kg7 30. Qh3 h5 31. Nh2 Nf4 32. Qb3 Rxd1 33. Rxd1 Rd8 34. Re1 c5 35. f3 cxb4 36. axb4 Qd6 37. Nf1 Qd4+ 38. Ne3 Qb6 39. Kh2 Rd2 40. Bf1 Qc7 41. c4 e4 42. Kg1 exf3 43. Nd5 f2+ 44. Kh1 fxe1Q 45. Nxc7 Qxf1+ 46. Kh2 Qxg2# 0-1

[Event "Titled Tuesday intern op 08th Aug Early"]
[Site "Chess.com INT"]
[Date "2023.08.08"]
[Round "4"]
[White "Demidov, Mikhail"]
[Black "Jia, Haoxiang"]
[Result "1-0"]
[WhiteElo "2566"]
[BlackElo "2331"]
[PlyCount "51"]
[EventDate "2023.08.08"]
[EventType "swiss (blitz)"]
[EventRounds "11"]
[EventCountry "USA"]
[SourceTitle "EXT 2024"]
[Source "ChessBase"]
[SourceDate "2023.10.10"]
[SourceVersion "1"]
[SourceVersionDate "2023.10.10"]
[SourceQuality "1"]

1. Nf3 Nf6 2. g3 g6 3. b3 Bg7 4. Bb2 0-0 5. Bg2 d6 6. d4 c6 7. 0-0 Nbd7 8. Nbd2 a5 9. a4 Qc7 10. e4 e5 11. Re1 Re8 12. Nc4 b5 13. dxe5 bxc4 14. exf6 Nxf6 15. e5 dxe5 16. Bxe5 Qb6 17. Qd4 Qxd4 18. Nxd4 Bb7 19. bxc4 Rxe5 20. Rxe5 Ng4 21. Re4 f5 22. Rxg4 fxg4 23. c3 Rd8 24. Rb1 Ba6 25. Nxc6 Rd2 26. Bd5+ 1-0

[Event "Titled Tuesday intern op 27th Jun Early"]
[Site "Chess.com INT"]
[Date "2023.06.27"]
[Round "6"]
[White "Jia, Haoxiang"]
[Black "Devaev, Alexander"]
[Result "1-0"]
[WhiteElo "2331"]
[BlackElo "2325"]
[PlyCount "103"]
[EventDate "2023.06.27"]
[EventType "swiss (blitz)"]
[EventRounds "11"]
[EventCountry "USA"]
[SourceTitle "EXT 2024"]
[Source "ChessBase"]
[SourceDate "2023.10.10"]
[SourceVersion "1"]
[SourceVersionDate "2023.10.10"]
[SourceQuality "1"]

1. e4 c6 2. d4 d5 3. e5 Bf5 4. Nf3 e6 5. Be2 a6 6. 0-0 Nd7 7. c4 h6 8. Be3 Ne7 9. Nc3 Bg4 10. Ne1 Bxe2 11. Qxe2 dxc4 12. Qxc4 Nd5 13. Nxd5 cxd5 14. Qa4 b5 15. Qb3 Nb6 16. a4 Nxa4 17. Nd3 Be7 18. Rfc1 0-0 19. Bd2 Qb8 20. Nb4 Bxb4 21. Bxb4 Rc8 22. Bd6 Qb7 23. h4 Nb6 24. h5 Rxc1+ 25. Rxc1 Rc8 26. Bc5 Nd7 27. Qa3 Nb6 28. b4 Nc4 29. Qg3 a5 30. bxa5 Nxa5 31. Rb1 Nc4 32. Qc3 Qc6 33. f4 Ra8 34. Qb4 Rb8 35. Ra1 Ne3 36. Ra7 Nf5 37. g4 Ne3 38. g5 hxg5 39. fxg5 Nc4 40. g6 fxg6 41. hxg6 Qe8 42. Qb1 Ne3 43. Re7 Qc8 44. Rf7 Nf5 45. Qb3 Nh6 46. Re7 b4 47. Kg2 Nf5 48. Rf7 Rb7 49. Rf8+ Qxf8 50. Bxf8 Kxf8 51. Qa4 Ne7 52. Qa8+ 1-0

[Event "Titled Tuesday intern op 27th Jun Early"]
[Site "Chess.com INT"]
[Date "2023.06.27"]
[Round "9"]
[White "Luukkonen, Tommi"]
[Black "Jia, Haoxiang"]
[Result "1-0"]
[WhiteElo "2279"]
[BlackElo "2331"]
[PlyCount "39"]
[EventDate "2023.06.27"]
[EventType "swiss (blitz)"]
[EventRounds "11"]
[EventCountry "USA"]
[SourceTitle "EXT 2024"]
[Source "ChessBase"]
[SourceDate "2023.10.10"]
[SourceVersion "1"]
[SourceVersionDate "2023.10.10"]
[SourceQuality "1"]

1. e4 c5 2. d4 cxd4 3. Qxd4 Nc6 4. Qd3 d6 5. Nc3 g6 6. Nf3 Bg7 7. Be2 Nf6 8. h3 0-0 9. 0-0 a6 10. Nd5 Nxd5 11. exd5 Bf5 12. Qd2 Na5 13. Nd4 Qc8 14. Nxf5 Qxf5 15. Qxa5 Qxc2 16. Qd2 Qa4 17. b3 Qe4 18. Bf3 Qe5 19. Rb1 Qf5 20. Bb2 1-0

[Event "Titled Tuesday intern op 20th Jun Early"]
[Site "Chess.com INT"]
[Date "2023.06.20"]
[Round "1"]
[White "Jia, Haoxiang"]
[Black "Rosenberg, Evan"]
[Result "1-0"]
[WhiteElo "2331"]
[BlackElo "1970"]
[PlyCount "89"]
[EventDate "2023.06.20"]
[EventType "swiss (blitz)"]
[EventRounds "11"]
[EventCountry "USA"]
[SourceTitle "EXT 2024"]
[Source "ChessBase"]
[SourceDate "2023.10.10"]
[SourceVersion "1"]
[SourceVersionDate "2023.10.10"]
[SourceQuality "1"]

1. e4 c5 2. Nc3 g6 3. g3 Bg7 4. Bg2 Nc6 5. d3 a6 6. f4 b5 7. Nf3 b4 8. Ne2 Nf6 9. 0-0 0-0 10. Be3 d6 11. h3 Rb8 12. g4 a5 13. f5 a4 14. Rb1 Ba6 15. fxg6 hxg6 16. Ng5 c4 17. d4 c3 18. b3 e5 19. d5 Nd4 20. Nxd4 exd4 21. Bxd4 Bxf1 22. Qxf1 Nxd5 23. Bxg7 Kxg7 24. h4 Ne3 25. Qe2 Nxg2 26. Kxg2 Rh8 27. Rf1 Rxh4 28. Rxf7+ Kg8 29. Rg7+ Kxg7 30. Ne6+ Kh7 31. Nxd8 Rxd8 32. Kg3 Rh6 33. bxa4 Kg7 34. Qc4 Rdh8 35. Qc7+ Kg8 36. Qd8+ Kg7 37. Qe7+ Kg8 38. Qxd6 Rh3+ 39. Kf4 R8h6 40. Kg5 Kf7 41. e5 Rh2 42. e6+ Kg7 43. Qe7+ Kg8 44. Qf7+ Kh8 45. e7 1-0

[Event "Titled Tuesday intern op 23rd May Early"]
[Site "Chess.com INT"]
[Date "2023.05.23"]
[Round "5"]
[White "Jia, Haoxiang"]
[Black "Barbot, Pierre"]
[Result "1-0"]
[WhiteElo "2331"]
[BlackElo "2458"]
[PlyCount "45"]
[EventDate "2023.05.23"]
[EventType "swiss (blitz)"]
[EventRounds "11"]
[EventCountry "USA"]
[SourceTitle "CBM 214 Extra"]
[Source "ChessBase"]
[SourceDate "2023.07.31"]
[SourceVersion "1"]
[SourceVersionDate "2023.07.31"]
[SourceQuality "1"]

1. d4 Nf6 2. c4 g6 3. g3 Bg7 4. Bg2 d5 5. cxd5 Nxd5 6. e4 Nb6 7. Ne2 c5 8. Be3 Nc6 9. e5 cxd4 10. Bxc6+ bxc6 11. Bxd4 Qd5 12. 0-0 Bxe5 13. Nbc3 Qd6 14. Bxe5 Qxe5 15. Nd4 Bb7 16. Re1 Qc7 17. Qe2 Rd8 18. Rad1 Rd7 19. Ne4 0-0 20. Nc5 Rd5 21. Qxe7 Qxe7 22. Rxe7 Bc8 23. b4 1-0

[Event "Titled Tuesday intern op 23rd May Early"]
[Site "Chess.com INT"]
[Date "2023.05.23"]
[Round "1"]
[White "Kohler, Aran"]
[Black "Jia, Haoxiang"]
[Result "1-0"]
[WhiteElo "2010"]
[BlackElo "2331"]
[PlyCount "53"]
[EventDate "2023.05.23"]
[EventType "swiss (blitz)"]
[EventRounds "11"]
[EventCountry "USA"]
[SourceTitle "CBM 214 Extra"]
[Source "ChessBase"]
[SourceDate "2023.07.31"]
[SourceVersion "1"]
[SourceVersionDate "2023.07.31"]
[SourceQuality "1"]

1. d4 Nf6 2. Nf3 g6 3. Bg5 Bg7 4. Nbd2 0-0 5. e3 d6 6. Bd3 c5 7. c3 Nc6 8. h4 h6 9. h5 gxh5 10. Bxf6 Bxf6 11. Rxh5 Bg7 12. Qc2 cxd4 13. exd4 e5 14. Bh7+ Kh8 15. 0-0-0 exd4 16. Rdh1 dxc3 17. bxc3 Qf6 18. Ne4 Qf4+ 19. Kb1 d5 20. Neg5 f5 21. Bg6 Ne7 22. g3 Qd6 23. Nf7+ Rxf7 24. Bxf7 Qb6+ 25. Kc1 Qf6 26. Ng5 f4 27. Qh7# 1-0

[Event "Titled Tuesday intern op 28th Mar Early"]
[Site "Chess.com INT"]
[Date "2023.03.28"]
[Round "4"]
[White "Jia, Haoxiang"]
[Black "Durarbayli, Vasif"]
[Result "0-1"]
[WhiteElo "2331"]
[BlackElo "2635"]
[PlyCount "80"]
[EventDate "2023.03.28"]
[EventType "swiss (blitz)"]
[EventRounds "11"]
[EventCountry "USA"]
[SourceTitle "EXT 2024"]
[Source "ChessBase"]
[SourceDate "2023.10.10"]
[SourceVersion "1"]
[SourceVersionDate "2023.10.10"]
[SourceQuality "1"]

1. Nf3 c5 2. e4 d6 3. Bb5+ Nd7 4. 0-0 a6 5. Bd3 Ngf6 6. c3 e6 7. Bc2 c4 8. b4 Ne5 9. Nxe5 dxe5 10. d3 cxd3 11. Bxd3 Be7 12. Qe2 0-0 13. Be3 Qc7 14. a4 b6 15. a5 b5 16. Nd2 Qxc3 17. Rab1 Rd8 18. Rb3 Qc6 19. Bb6 Bb7 20. Bxd8 Rxd8 21. Nb1 Rd4 22. Rc3 Qd7 23. Rfc1 Ne8 24. f3 Bxb4 25. Rb3 Bxa5 26. Qc2 Nd6 27. Kh1 h5 28. Bf1 h4 29. h3 f5 30. Nc3 Bxc3 31. Rxc3 fxe4 32. Rc7 Qd8 33. Qf2 exf3 34. gxf3 Qf6 35. Bg2 Bd5 36. Qe3 Nf5 37. Rc8+ Kh7 38. Qf2 Qg5 39. Re1 Rd2 40. Re2 Rxe2 0-1

[Event "Titled Tuesday intern op 28th Mar Early"]
[Site "Chess.com INT"]
[Date "2023.03.28"]
[Round "1"]
[White "Jia, Haoxiang"]
[Black "Lesbekova, Asel"]
[Result "1-0"]
[WhiteElo "2331"]
[BlackElo "1772"]
[PlyCount "81"]
[EventDate "2023.03.28"]
[EventType "swiss (blitz)"]
[EventRounds "11"]
[EventCountry "USA"]
[SourceTitle "EXT 2024"]
[Source "ChessBase"]
[SourceDate "2023.10.10"]
[SourceVersion "1"]
[SourceVersionDate "2023.10.10"]
[SourceQuality "1"]

1. d4 f5 2. Nf3 d6 3. g3 Nf6 4. Bg2 g6 5. 0-0 Bg7 6. c4 0-0 7. Nc3 Nc6 8. b3 e5 9. dxe5 dxe5 10. Ba3 Re8 11. Qxd8 Nxd8 12. Rad1 Nf7 13. Nb5 e4 14. Nfd4 Bf8 15. Bxf8 Rxf8 16. Nxc7 Rb8 17. f3 a6 18. fxe4 Nxe4 19. Bxe4 fxe4 20. Nd5 Kg7 21. Rf4 Ng5 22. Rxf8 Kxf8 23. h4 Ne6 24. Nxe6+ Bxe6 25. Nf6 Kg7 26. Nxe4 Bg4 27. Rd2 Re8 28. Nd6 Re7 29. e4 b6 30. Kf2 Kf6 31. Ke3 Ke6 32. Nc8 Rb7 33. Rd6+ Ke5 34. Rd5+ Kf6 35. e5+ Ke6 36. Kd4 Rf7 37. Rd6+ Kf5 38. Rxb6 Bf3 39. Nd6+ Ke6 40. Nxf7+ Kxf7 41. Rf6+ 1-0

[Event "Titled Tuesday intern op 28th Mar Early"]
[Site "Chess.com INT"]
[Date "2023.03.28"]
[Round "6"]
[White "Jia, Haoxiang"]
[Black "Rakhmanov, Alexander"]
[Result "1/2-1/2"]
[WhiteElo "2331"]
[BlackElo "2635"]
[PlyCount "161"]
[EventDate "2023.03.28"]
[EventType "swiss (blitz)"]
[EventRounds "11"]
[EventCountry "USA"]
[SourceTitle "EXT 2024"]
[Source "ChessBase"]
[SourceDate "2023.10.10"]
[SourceVersion "1"]
[SourceVersionDate "2023.10.10"]
[SourceQuality "1"]

1. d4 Nf6 2. c4 d6 3. g3 e5 4. Bg2 exd4 5. Qxd4 Nc6 6. Qd1 Be6 7. b3 d5 8. cxd5 Bb4+ 9. Bd2 Bxd5 10. Nf3 Bc5 11. 0-0 Ne4 12. Nc3 0-0 13. Nxd5 Qxd5 14. Ng5 Qxd2 15. Nxe4 Qxd1 16. Rfxd1 Bb6 17. e3 Rad8 18. Kf1 Rfe8 19. Nc3 Nb4 20. Ke2 c6 21. a3 Na6 22. b4 Nc7 23. Na4 Nb5 24. Rxd8 Rxd8 25. Nxb6 axb6 26. a4 Nc3+ 27. Kf3 f5 28. Bf1 Rd2 29. a5 Ne4 30. Kf4 g6 31. f3 Nc3 32. axb6 Kg7 33. Ra7 Kf6 34. g4 g5+ 35. Kg3 Rd1 36. Bc4 Rg1+ 37. Kf2 Rc1 38. Bd3 fxg4 39. fxg4 Nd5 40. Rxb7 Rc3 41. Rd7 Nxb6 42. Rd6+ Ke5 43. Rd8 Nd5 44. Bxh7 Nxe3 45. h3 Nd5 46. Re8+ Kd6 47. Rg8 Nf4 48. Bf5 Nxh3+ 49. Ke2 Rb3 50. Rg6+ Kc7 51. Rg7+ Kb6 52. Bd7 Rxb4 53. Ke3 Kc5 54. Rg6 Rb3+ 55. Ke4 Rb6 56. Rh6 Nf4 57. Kf5 Kd5 58. Kxg5 Ne2 59. Rh2 Nd4 60. Kh5 c5 61. g5 Rb8 62. Rf2 Kd6 63. Ba4 Rh8+ 64. Kg6 c4 65. Kg7 Ra8 66. Bd1 Ra7+ 67. Kh6 c3 68. g6 Ke5 69. g7 Ra8 70. Rf8 Ra6+ 71. Kh7 Ra7 72. Re8+ Kf6 73. Rf8+ Ke5 74. Kh8 Rxg7 75. Kxg7 Ne6+ 76. Kf7 Nxf8 77. Kxf8 Kd4 78. Bc2 Ke3 79. Ke7 Kd2 80. Ba4 c2 81. Bxc2 1/2-1/2

[Event "Titled Tuesday intern op 28th Mar Early"]
[Site "Chess.com INT"]
[Date "2023.03.28"]
[Round "7"]
[White "Kilic, Eray"]
[Black "Jia, Haoxiang"]
[Result "1-0"]
[WhiteElo "2415"]
[BlackElo "2331"]
[PlyCount "63"]
[EventDate "2023.03.28"]
[EventType "swiss (blitz)"]
[EventRounds "11"]
[EventCountry "USA"]
[SourceTitle "EXT 2024"]
[Source "ChessBase"]
[SourceDate "2023.10.10"]
[SourceVersion "1"]
[SourceVersionDate "2023.10.10"]
[SourceQuality "1"]

1. d4 Nf6 2. Nc3 d5 3. Bf4 c6 4. e3 Bf5 5. Bd3 Bxd3 6. cxd3 Nbd7 7. g4 h6 8. f3 e6 9. Nge2 Be7 10. Qd2 Rc8 11. 0-0-0 c5 12. dxc5 Nxc5 13. d4 Ncd7 14. Kb1 a6 15. h4 Nh7 16. e4 dxe4 17. fxe4 Bxh4 18. e5 Bg5 19. Ne4 Be7 20. g5 Nhf8 21. gxh6 gxh6 22. Bxh6 Ng6 23. Bg7 Rg8 24. Rh7 Qb6 25. N2c3 Qc6 26. d5 exd5 27. Nxd5 Ndxe5 28. Nef6+ Bxf6 29. Nxf6+ Ke7 30. Nxg8+ Rxg8 31. Qg5+ Ke6 32. Qf6# 1-0

[Event "Titled Tuesday intern op 14th Mar Early"]
[Site "Chess.com INT"]
[Date "2023.03.14"]
[Round "2"]
[White "Adireddy, Arjun"]
[Black "Jia, Haoxiang"]
[Result "0-1"]
[WhiteElo "2078"]
[BlackElo "2331"]
[PlyCount "140"]
[EventDate "2023.03.14"]
[EventType "swiss (blitz)"]
[EventRounds "11"]
[EventCountry "USA"]
[SourceTitle "EXT 2024"]
[Source "ChessBase"]
[SourceDate "2023.10.10"]
[SourceVersion "1"]
[SourceVersionDate "2023.10.10"]
[SourceQuality "1"]

1. e4 c5 2. Nf3 d6 3. d4 cxd4 4. Nxd4 Nf6 5. Nc3 g6 6. Be3 Bg7 7. f3 0-0 8. Qd2 Nc6 9. 0-0-0 d5 10. exd5 Nxd5 11. Nxc6 bxc6 12. Nxd5 cxd5 13. Qxd5 Qc7 14. Qc5 Qb7 15. b3 Bf5 16. Bd3 Rfc8 17. Qa5 Bc3 18. Qb5 Qxb5 19. Bxb5 a5 20. a4 Bb4 21. Bd3 Be6 22. Kb2 Rab8 23. Bd4 f6 24. Bb5 Kf7 25. c3 Bd6 26. g3 h5 27. Rhe1 h4 28. f4 Bg4 29. Rd2 hxg3 30. hxg3 Rh8 31. Bc4+ Kg7 32. Be6 Bf3 33. Re3 Bc6 34. Kc2 Rh1 35. Rf2 Rbh8 36. Kd3 Rd1+ 37. Rd2 Rb1 38. Ree2 Bb7 39. Ke3 Rh3 40. Kf2 Rhh1 41. Ke3 Rhf1 42. Rf2 Rfe1+ 43. Rde2 Ba6 44. Rxe1 Rxe1+ 45. Kd2 Rxe6 46. c4 Bb4+ 47. Kc2 Bb7 48. Bc3 Be4+ 49. Kb2 Bxc3+ 50. Kxc3 Rd6 51. c5 Rd3+ 52. Kc4 Rxg3 53. b4 axb4 54. Kxb4 Bc6 55. a5 g5 56. a6 gxf4 57. Rxf4 Rg1 58. a7 Rb1+ 59. Ka5 Kf7 60. Ka6 Ke6 61. Rd4 f5 62. Rd8 f4 63. Rb8 Ra1+ 64. Kb6 Be4 65. c6 Bxc6 66. Kxc6 Rxa7 67. Rb4 Kf5 68. Rb1 e5 69. Kd6 Ra5 70. Re1 f3 0-1

[Event "Titled Tuesday intern op 01st Nov Early"]
[Site "Chess.com INT"]
[Date "2022.11.01"]
[Round "9"]
[White "Bryakin, Mikhail"]
[Black "Jia, Haoxiang"]
[Result "1-0"]
[WhiteElo "2436"]
[BlackElo "2331"]
[PlyCount "133"]
[EventDate "2022.11.01"]
[EventType "swiss (blitz)"]
[EventRounds "11"]
[EventCountry "USA"]
[SourceTitle "EXT 2024"]
[Source "ChessBase"]
[SourceDate "2023.10.10"]
[SourceVersion "1"]
[SourceVersionDate "2023.10.10"]
[SourceQuality "1"]

1. c4 Nf6 2. Nf3 g6 3. b3 Bg7 4. Bb2 0-0 5. g3 d6 6. Bg2 e5 7. 0-0 Nc6 8. d3 Re8 9. Nbd2 Bf5 10. h3 e4 11. dxe4 Bxe4 12. Nxe4 Nxe4 13. Bxg7 Kxg7 14. Nd4 Qf6 15. Nxc6 bxc6 16. Qd3 d5 17. cxd5 cxd5 18. Rac1 c6 19. Rc2 Re6 20. e3 Ng5 21. Qc3 Qxc3 22. Rxc3 a5 23. Rfc1 Ra6 24. h4 Ne4 25. Bxe4 Rxe4 26. Rxc6 Rxc6 27. Rxc6 a4 28. Rc1 axb3 29. axb3 Rb4 30. Rb1 Kf6 31. Kf1 Ke5 32. Ke2 d4 33. exd4+ Kxd4 34. Rd1+ Ke5 35. Rd3 h5 36. Kd2 Ke4 37. Re3+ Kd5 38. Kc3 Rb7 39. b4 Rc7+ 40. Kb3 Rc1 41. Re2 Kc6 42. Rc2+ Rxc2 43. Kxc2 Kb5 44. Kb3 f6 45. Kc3 g5 46. f4 gxh4 47. gxh4 f5 48. Kb3 Kb6 49. Kc4 Kc6 50. Kd4 Kb5 51. Ke5 Kxb4 52. Kxf5 Kc5 53. Kg6 Kd6 54. f5 Ke7 55. Kg7 Ke8 56. f6 Kd7 57. f7 Ke6 58. f8Q Ke5 59. Kg6 Ke4 60. Kxh5 Ke5 61. Kg4 Ke6 62. h5 Kd5 63. h6 Ke4 64. h7 Ke5 65. h8Q+ Kd5 66. Qe7 Kc4 67. Qhd8 1-0

[Event "Titled Tuesday intern op 01st Nov Early"]
[Site "Chess.com INT"]
[Date "2022.11.01"]
[Round "6"]
[White "Harriott, Tyrell"]
[Black "Jia, Haoxiang"]
[Result "0-1"]
[WhiteElo "1871"]
[BlackElo "2331"]
[PlyCount "100"]
[EventDate "2022.11.01"]
[EventType "swiss (blitz)"]
[EventRounds "11"]
[EventCountry "USA"]
[SourceTitle "EXT 2024"]
[Source "ChessBase"]
[SourceDate "2023.10.10"]
[SourceVersion "1"]
[SourceVersionDate "2023.10.10"]
[SourceQuality "1"]

1. d4 Nf6 2. e3 g6 3. Bd3 Bg7 4. f4 d5 5. Nf3 c5 6. c3 Nc6 7. 0-0 0-0 8. Nbd2 Bf5 9. Bxf5 gxf5 10. b3 b6 11. Ba3 Ne4 12. Nxe4 fxe4 13. Ne5 Nxe5 14. fxe5 Rc8 15. Qh5 Rc6 16. Rf4 Rh6 17. Qe2 Qd7 18. Raf1 Rg6 19. Rf5 Qe6 20. Qa6 Bh6 21. Qe2 Kh8 22. Kh1 Rg7 23. dxc5 Rfg8 24. g3 Rg5 25. Rxf7 Qxe5 26. cxb6 axb6 27. Bb2 Bg7 28. Rxg7 R5xg7 29. c4 Qd6 30. Qg4 e5 31. Qf5 d4 32. exd4 exd4 33. Qxe4 Rd8 34. Rf4 Rgd7 35. Qd3 Qe5 36. Re4 Qf6 37. b4 Qf2 38. Qb1 Qf3+ 39. Kg1 Kg8 40. Rf4 Qe3+ 41. Kg2 Qe2+ 42. Rf2 Qe3 43. Qf5 Re8 44. Qxd7 Qe4+ 45. Kg1 Qe1+ 46. Kg2 Qe4+ 47. Kh3 Re6 48. Rf4 Rh6+ 49. Rh4 Rxh4+ 50. gxh4 Qf3# 0-1